Analýza etiky v odvetví poisťovníctva diplomová práca

Salvato in:
Dettagli Bibliografici
Autore principale: Monsbergerová, Beáta
Ente Autore: Národohospodárska fakulta EU. Katedra poisťovníctva
Altri autori: Pastoráková, Erika, 1972-
Natura: Libro
Lingua:slovacco
Pubblicazione: Bratislava 2011
Tags: Aggiungi Tag
Nessun Tag, puoi essere il primo ad aggiungerne!!

MARC

LEADER 00000nbm a2200000 4500
001 0130543
005 20161109101546.2
041 0 |a slo 
044 |a SK 
245 1 0 |a Analýza etiky v odvetví poisťovníctva  |b diplomová práca  |c Beáta Monsbergerová ; školiteľ: Erika Pastoráková 
264 1 |a Bratislava  |c 2011 
300 |a 64 s. 
100 1 |a Monsbergerová, Beáta 
700 1 |a Pastoráková, Erika, 1972- 
710 2 |a Národohospodárska fakulta EU. Katedra poisťovníctva